000 00474nam a2200181Ia 4500
001 9490
005 20260306161722.0
008 260306t2015||||xx |||||||||||||| ||spa||
041 _aESP
082 _a379.26
_bC24
100 _aCamps i Bansell, Jaume,
_eAUT
245 0 _aInteligencia de género para la escuela :
_blas paradojas de la coeducación
260 _c2015
300 _a179 páginas :
_c21 cm.
650 _aGEN
654 _aCED
942 _cLIB
_dJUS
_fJUS
_2ddc
_n
999 _c9490
_d9490